Quizzes
Events
Quiz Creation
Community
Videos
Private Events
Remove Ads
Sign In
Join for FREE
Feedback
Dark Mode
Quiz Categories
Sports
Geography
Music
Movies
Television
Just For Fun
Miscellaneous
History
Literature
Language
Science
Gaming
Entertainment
Religion
Holiday
For Kids
Quiz Lab
Recent
Popular Today
Quiz Kudos Today
Editor Picks
Curator Picks
Quizzes by...
Day
Popularity
Type
Ratings
Length
Year
Community
Subscriptions
Recent Discussions
Orange Saloon
Badges
Playlists
Quests
Create
Leaderboards
Showdown
Live 5
Trivia Bingo
Activity
Puzzle Library
Sporcle Events
Private Events
Virtual Trivia
Globe League
Become a Host
Pub Owners
SporcleCon
Opinionation
Our Games
Videos
Blog
Mobile Apps
Partnerships
Remove Ads and Go Orange
Feedback
Music
Pop Music
The Beatles
Song
Album
Lyrics
Bands
Singers
Artist
Clip
Rock
Rap
Classical
Billboard
Country Music
Kpop
Taylor Swift
Music
Pop Music
The Beatles
Song
Album
Lyrics
Bands
Singers
Artist
Clip
Rock
Rap
Classical
Billboard
Country Music
Kpop
Taylor Swift
Random Quiz
Search Sporcle
×
Quiz Lab
Quiz Lab
Music
Song
Type in answers that appear in a list
Type in answers that appear in a list
Classic
Best Score? Go Orange.
Lady Gaga Songs Stats
Can you name the Lady Gaga Songs
By
Natasha_
15m
74 Questions
66 Plays
66 Plays
66 Plays
Comments
Comments
Give Quiz Kudos
Give Quiz Kudos
-
- Ratings
hide this ad
More Info
Replay
Link that replays current quiz
Next Quiz
Link to next quiz in quiz playlist
You Got
0%
They Got
Avg Score
61%
Avg Friend Score
Upgrade to see
Score Distribution
Jump to the score distribution portion of the page
Score
0/74
Timer
15:00
0
Plays Today
Hint
Answer
% Correct
Born This Way
Born this Way
93.9%
The Fame Monster
Telephone
92.4%
The Fame Monster
Bad Romance
89.4%
The Fame
Just Dance
87.9%
The Fame
Paparazzi
87.9%
The Fame
Poker Face
86.4%
The Fame
LoveGame
86.4%
ARTPOP
Applause
84.8%
The Fame
The Fame
83.3%
The Fame Monster
Alejandro
83.3%
Born This Way
Marry The Night
80.3%
The Fame Monster
Monster
78.8%
Born This Way
Judas
78.8%
Born This Way
You and I
78.8%
ARTPOP
G.U.Y
78.8%
ARTPOP
ARTPOP
77.3%
The Fame
Eh, eh
75.8%
The Fame Monster
Dance in the dark
75.8%
The Fame Monster
Teeth
75.8%
ARTPOP
Fashion!
75.8%
Unreleased
Fashion
75.8%
The Fame
Brown eyes
74.2%
The Fame Monster
Speechless
74.2%
Born This Way
The Edge of Glory
72.7%
ARTPOP
Aura
72.7%
The Fame Monster
So happy I could die
71.2%
Born This Way
Bloody Mary
71.2%
ARTPOP
Do What U Want
71.2%
The Fame
Boys boys boys
69.7%
Born This Way
Government Hooker
69.7%
Born This Way
Americano
69.7%
ARTPOP
Sexxx Dreams
69.7%
ARTPOP
Venus
69.7%
The Fame
Beautiful, dirty, rich
68.2%
The Fame
Money Honey
68.2%
The Fame
Summerboy
68.2%
Born This Way
Highway Unicorn
68.2%
Hint
Answer
% Correct
ARTPOP
Donatella
68.2%
Featuring
Video Phone
68.2%
The Fame
I like it rough
65.2%
The Fame
Paper gangsta
65.2%
Born This Way
Heavy Metal Lover
65.2%
Born This Way
Electric Chapel
65.2%
Born This Way (Deluxe Edition)
Fashion of his love
65.2%
ARTPOP
Swine
65.2%
ARTPOP
Dope
65.2%
ARTPOP
Gypsy
65.2%
The Fame
Starstruck
63.6%
Born This Way
Hair
63.6%
Born This Way
Scheibe
63.6%
Born This Way
Bad Kids
63.6%
Born This Way (Deluxe Edition)
The Queen
63.6%
ARTPOP
Manicure
62.1%
ARTPOP
Jewels N' Drugs
62.1%
The Fame (Deluxe Edition)
Disco heaven
60.6%
ARTPOP
Mary Jane Holland
60.6%
Born This Way (Deluxe Edition)
Black Jesus + Amen Fashion
56.1%
The Fame (Deluxe Edition)
Again Again
54.5%
Featuring
The Lady is a Tramp
48.5%
Featuring
Chillin'
42.4%
The Fame (Deluxe Edition)
Retro Dance Freak
40.9%
Red And Blue
Red and blue
40.9%
Red And Blue
Something crazy
22.7%
Red And Blue
No floods
22.7%
Red And Blue
Wish you were here
21.2%
Unreleased
Blueberry Kisses
21.2%
Unreleased
Wonderful
21.2%
Unreleased
Animal
21.2%
Red And Blue
Words
18.2%
Unreleased
Christmas Tree
18.2%
Unreleased
Nothing On
16.7%
Unreleased
Retro Physical
12.1%
Unreleased
Let Love Down
10.6%
Unreleased
Fooled me again, honest eyes
9.1%
Quiz Playlist
Details
Report
Send in Message
Add To Playlist
More Info:
Can you guess all of Lady Gaga songs?
Classic:
Type in answers that appear in a list
Last Updated: Feb 16, 2017
Quiz Scoreboard
CHALLENGE
Sign Up to Join the Scoreboard
Show All
Scores
Hide
Comments
May contain spoilers
Recently Published
9x9 Crossword: Cartoon Network
by jackfrog10
Miscellaneous
3m
College Basketball Coaching Resumes
by pancakes188
Sports
9m
Billboard Blitz: Fleetwood Mac
by CooCooCachoo
Music
15s
More to Explore
Quiz From the Vault
Featured Blog Post
Where Did the Easter Bunny Come From?
hide this ad
You Might Also Like...
Tags
Album Quiz
Song Quiz
Lady Gaga
Song List
Today's Top Quizzes in Music
Browse Music
hide this ad
Today's Top Quizzes in Song
Browse Song
Top Contributed Quizzes in Music
1
Taylor Swift All Songs (2024)
2
Guess the Artist- 70s Songs
3
7-to-1: Billboard Hot 100 #1 Hits of 2010s
4
Sorting Albums and Songs
5
Taylor Swift Logic Puzzle
6
KPOP LOGIC QUIZ
7
Guess the Taylor Swift song (Mystery Song)
8
Guess The Taylor Swift Lyrics Song #1
9
Billboard Blitz: ABBA
10
One Thing in Common: Music
Explore More
Trending Topics
Harry Potter
NBA
Crossword
Disney
Anime
Kpop
Marvel
NFL
The Office
Puzzle
Pokémon
Soccer
WWE
Country
Song
hide this ad
More By:
Natasha_
Quiz
Plays
Rating
Category
Featured
Created
ARTPOP Lyrics
189
5.00
Music
Jun 21, 2014
Eurovision 2014 Songs
94
4.00
Music
May 14, 2014
Lady Gaga Songs
66
5.00
Music
Apr 23, 2014
The Fame Monster Lyrics
61
5.00
Music
Apr 24, 2014
Born This Way Lyrics
58
3.00
Music
Jun 21, 2014
Go to Creator's Profile
Score Distribution
Quiz Creator Spotlight
Natasha_
Follow
Send a Message
Quizzes Created
-
Created Quiz Play Count
-
More By This Creator
Popular Quizzes Today
1
Find the US States - No Outlines Minefield
2
Find the Countries of Europe - No Outlines Minefield
3
The Countries of the World
4
Find the US States
5
Risky Map Clicking: Biggest States A-Z
6
US States
7
Popular People in 1961
8
Movies - When Are They Set?
More Music Quizzes
Opening Lyrics: Born In The U.S.A. by Bruce Springsteen
Quiz Lab
Trending Quizzes
Risky Map Clicking: Least Populous States A-Z
1-10 Letter G Words
1-10 Letter F Words
Risky Map Clicking: Next State Alphabetically
Adjectives in 80s TV Shows
Recently Updated
Leaping Animals
pecheneg
Reality TV Shows (A-Z)
bhenderson79
Rickey Henderson's Hall of Fame Teammates
pecheneg
Champions League XIs: Arsenal
pecheneg
Quick Pick: Celebrities in WWE's Hall of Fame
aduchscher
A-Z Keypad Blitz II
pecheneg
Multiple Oscar Actors
pecheneg
Mystery Phrase Blitz: Oscar 'Best Actors'
pecheneg
F. Scott Fitzgerald Novels
LTH
Pick 3 Villains
ddd62291
Trending Topics
Kpop
Disney
NBA
Marvel
Anime
Harry Potter
Crossword
The Office
WWE
NFL
Song
Country
Puzzle
Soccer
Pokémon
Your Account Isn't Verified!
In order to create a playlist on Sporcle, you need to verify the email address you used during registration. Go to your
Sporcle Settings
to finish the process.
Report this User
Report this user for behavior that violates our
Community Guidelines
.
Details:
Send Report
Go to the Sporcle.com Mobile Site →
Comments